01425cam a22002771 4500001001300000003000400013005001700017008004100034010001700075035001900092040004900111042001200160050002300172100005000195245025700245260004800502300010700550490005200657500006400709501016000773650003300933650003700966700003401003710008201037710002801119gs 37000320 DLC20260227111342.0770118s1937 dcua f000 0 eng c ags 37000320  a(OCoLC)2686407 aU. S. Geol. Survey Library.cTxHdOCoLCdDLC apremarc00aTC801b.U2 no. 7781 aLonsdale, John T.q(John Tipton),d1895-1960.00aGeology and ground-water resources of Webb county, Texas,cby John T. Lonsdale and James R. Day. Prepared in cooperation with the Engineering experiment station of the Agricultural and mechanical college of Texas and the Texas Board of water engineers. aWashington,bU.S. Govt. print. off.,c1937. av, 104 p. incl illus., tables.b12 pl. (incl. fold. map (in pocket), fold diagrs.) fold. tabl.c23 cm.0 aU. S. Geological survey. Water-supply paper 778 aAt head of title: United States Department of the interior. aWith : Geology and ground-water resources of Duval county, Texas. Washington : U.S. Govt. Print. Off., 1937. Bound together subsequent to publication.5DLC 0aGeologyzTexaszWebb County. 0aGroundwaterzTexaszWebb County.1 aDay, James R.,ejoint author.1 aTexas.bAgricultural and Mechanical College.bEngineering Experiment Station.2 aTexas Water Commission.